Hỏi , đáp về quyền và nghĩa vụ của người lao động và người sử dụng lao động trong doanh nghiệp
Quyển sách " Hỏi , đáp về quyền và nghĩa vụ của người lao động và người sử dụng lao động" gồm 491câu hỏi và trả lời liên quan đến quyền lợi, nghĩa vụ của người lao động và người sử dụng lao động. Những tình huống phát sinh tr...
Đã lưu trong:
| 主要作者: | |
|---|---|
| 格式: | 圖書 |
| 語言: | Undetermined |
| 出版: |
Hà Nội
Chính trị Quốc gia
2006
|
| 主題: | |
| 標簽: |
添加標簽
沒有標簽, 成為第一個標記此記錄!
|
| Thư viện lưu trữ: | Trung tâm Học liệu Trường Đại học Cần Thơ |
|---|
| LEADER | 01171nam a2200217Ia 4500 | ||
|---|---|---|---|
| 001 | CTU_120343 | ||
| 008 | 210402s9999 xx 000 0 und d | ||
| 020 | |c 26000 | ||
| 082 | |a 344.59701 | ||
| 082 | |b H100 | ||
| 100 | |a Lê, Duyên Hà | ||
| 245 | 0 | |a Hỏi , đáp về quyền và nghĩa vụ của người lao động và người sử dụng lao động trong doanh nghiệp | |
| 245 | 0 | |c Lê Duyên Hà, Lê Thanh | |
| 260 | |a Hà Nội | ||
| 260 | |b Chính trị Quốc gia | ||
| 260 | |c 2006 | ||
| 520 | |a Quyển sách " Hỏi , đáp về quyền và nghĩa vụ của người lao động và người sử dụng lao động" gồm 491câu hỏi và trả lời liên quan đến quyền lợi, nghĩa vụ của người lao động và người sử dụng lao động. Những tình huống phát sinh trong quá trình lao động, ký kết hợp đồng lao động.... | ||
| 650 | |a Labor laws and legislation,Labor policy,Public officers | ||
| 650 | |z Vietnam | ||
| 904 | |i Năm | ||
| 980 | |a Trung tâm Học liệu Trường Đại học Cần Thơ | ||